| 000 | 00434cam a2200181ua 4500 | ||
|---|---|---|---|
| 020 | _cRs 2.00 | ||
| 041 |
_ahin _h |
||
| 082 |
_a891.54 _bJAI/PA |
||
| 100 | _aJainendra, Kumar . | ||
| 245 |
_aParakh / _cJainendra Kumar. _hTextual Documents |
||
| 250 |
_a9 / _b. |
||
| 260 |
_a : _bHindi Granth Ratnakar Pvt Ltd , _c1960. |
||
| 300 | _a142 ; . | ||
| 365 | _aRs 2.00 | ||
| 504 | _a | ||
| 942 | _cBK | ||
| 999 |
_c3640 _d3640 |
||